000 00684cam a22002291a 4500
001 6952870
003 ARRUPE
005 20131211161742.0
008 830301s1948 at a 000 0 eng
010 _a 49015584
035 _a(OCoLC)9269024
040 _aDLC
_cOrCS
_dOrCS
_dDLC
042 _apremarc
050 0 0 _aSPC DT440
_b.M16
100 1 _aMacdonald, Sheila,
_d1880-1971.
_95512
245 1 0 _aTanganyika safari /
_cby Sheila Macdonald.
260 _aSydney :
_bAngus and Robertson,
_c1948.
300 _ax, 237 p. :
_bill. ;
_c19 cm.
651 0 _aTanzania
_xDescription and travel.
_95513
906 _a7
_bcbc
_coclcrpl
_du
_encip
_f19
_gy-gencatlg
942 _2lcc
_cREFERENCE
999 _c119206
_d119206